[Event "Norrkoeping Easter op"]
[Site "Norrkoeping"]
[Date "2024.03.31"]
[Round "7"]
[White "Eriksson, Kristian"]
[Black "Lindberg, Bengt"]
[Result "0-1"]
[WhiteElo "2043"]
[BlackElo "2344"]
[PlyCount "54"]
[EventDate "2024.03.29"]
[EventType "swiss"]
[EventRounds "8"]
[EventCountry "SWE"]
[SourceTitle "CB14_2024"]
[SourceDate "2024.04.01"]
[SourceVersion "1"]
[SourceVersionDate "2024.04.01"]
[SourceQuality "1"]

1. e4 c5 2. Nf3 e6 3. d4 cxd4 4. Nxd4 Nc6 5. Nc3 Qc7 6. Be3 a6 7. Be2 Nf6 8. a3 Be7 9. 0-0 0-0 10. f4 d6 11. Kh1 Bd7 12. Qe1 d5 13. e5 Ne8 14. Qg3 f5 15. exf6 Bxf6 16. Rad1 g6 17. Bg4 Ng7 18. Qh3 Nxd4 19. Bxd4 Bxd4 20. Rxd4 h5 21. Nxd5 Qc5 22. Qd3 Bb5 23. Qxg6 Rae8 24. Rfd1 exd5 25. h3 hxg4 26. Rxd5 Qc6 27. Qxg4 Be2 0-1

[Event "Vaxjo op"]
[Site "Vaxjo"]
[Date "2024.02.10"]
[Round "6"]
[White "Nilsson, Eskil"]
[Black "Eriksson, Kristian"]
[Result "0-1"]
[WhiteElo "2117"]
[BlackElo "2035"]
[PlyCount "82"]
[EventDate "2024.02.09"]
[EventType "swiss"]
[EventRounds "8"]
[EventCountry "SWE"]
[SourceTitle "CB07_2024"]
[SourceDate "2024.02.14"]
[SourceVersion "1"]
[SourceVersionDate "2024.02.14"]
[SourceQuality "1"]

1. e4 e5 2. Nf3 Nc6 3. Bc4 Nf6 4. d3 h6 5. 0-0 d6 6. c3 g6 7. d4 Qe7 8. Nbd2 Bg7 9. Re1 0-0 10. h3 b6 11. a4 Bb7 12. Bd3 Nh5 13. d5 Nb8 14. a5 Nf4 15. Bf1 Nd7 16. g3 Nh5 17. Nh4 Ndf6 18. c4 Bc8 19. axb6 cxb6 20. Ra3 Kh7 21. b4 Bd7 22. Nb3 Rfc8 23. Qd3 Rc7 24. Be3 g5 25. Nf5 Bxf5 26. exf5 Rd8 27. Bg2 Kg8 28. Rd1 Nd7 29. c5 Nhf6 30. c6 e4 31. Qb5 Ne5 32. Nd2 g4 33. hxg4 Nexg4 34. Bd4 Re8 35. Re1 Qd8 36. Qc4 Qc8 37. Bxe4 Nxe4 38. Rxe4 Rxe4 39. Nxe4 Qxf5 40. Bxg7 Kxg7 41. Nxd6 Qxf2+ 0-1

[Event "Vaxjo op"]
[Site "Vaxjo"]
[Date "2023.02.12"]
[Round "8"]
[White "Eriksson, Kristian"]
[Black "Lindborg, Patrik"]
[Result "1/2-1/2"]
[WhiteElo "2053"]
[BlackElo "2184"]
[PlyCount "30"]
[EventDate "2023.02.10"]
[EventType "swiss"]
[EventRounds "8"]
[EventCountry "SWE"]
[SourceTitle "CBM 212 Extra"]
[Source "ChessBase"]
[SourceDate "2023.03.31"]
[SourceVersion "1"]
[SourceVersionDate "2023.03.31"]
[SourceQuality "1"]

1. e4 c5 2. Nc3 e6 3. Nf3 Nc6 4. Bb5 Qc7 5. 0-0 Nf6 6. Re1 Ng4 7. Bxc6 bxc6 8. e5 Be7 9. d3 h5 10. h3 Nh6 11. Ne4 Nf5 12. Bf4 a5 13. Qd2 Nd4 14. Nxd4 cxd4 15. c3 dxc3 1/2-1/2

[Event "Hasselbacken op"]
[Site "Stockholm"]
[Date "2019.11.01"]
[Round "4"]
[White "Eriksson, Kristian"]
[Black "Akesson, Ralf"]
[Result "0-1"]
[WhiteElo "2105"]
[BlackElo "2376"]
[PlyCount "90"]
[EventDate "2019.11.01"]
[EventType "swiss"]
[EventRounds "8"]
[EventCountry "SWE"]
[SourceTitle "CBM 192 Extra"]
[Source "Chessbase"]
[SourceDate "2019.11.06"]
[SourceVersion "1"]
[SourceVersionDate "2019.11.06"]
[SourceQuality "1"]

1. e4 c5 2. Nf3 d6 3. d4 cxd4 4. Nxd4 Nf6 5. Nc3 a6 6. Bg5 e6 7. Qf3 Be7 8. 0-0-0 Qc7 9. Qg3 Nbd7 10. Bd3 b5 11. Rhe1 Bb7 12. Kb1 0-0 13. a3 Rfe8 14. f4 Nc5 15. e5 dxe5 16. fxe5 Nxd3 17. Rxd3 Nd7 18. Bxe7 Rxe7 19. Qg5 Nf8 20. Rg3 Ng6 21. h4 Rd8 22. Nf3 h6 23. Qg4 Qc4 24. Qxc4 bxc4 25. Ne4 Bxe4 26. Rxe4 Rd1+ 27. Ka2 Rc7 28. h5 Ne7 29. Nh4 Nd5 30. Reg4 f5 31. exf6 Nxf6 32. Rg6 Nxh5 33. Re3 Nf4 34. Rg4 g5 35. Nf3 Rc1 36. g3 Nd5 37. Rxe6 Rxc2 38. Kb1 Rf2 39. Rxh6 Rf1+ 40. Ka2 Ne3 41. Rxg5+ Rg7 42. Rhg6 Rxg6 43. Rxg6+ Kh7 44. Ne5 Nc2 45. Nxc4 Kxg6 0-1

[Event "Gothenburg op"]
[Site "Gothenburg"]
[Date "2019.08.17"]
[Round "5"]
[White "Eriksson, Kristian"]
[Black "Feras, Alharsh"]
[Result "1-0"]
[WhiteElo "2113"]
[BlackElo "1882"]
[PlyCount "103"]
[EventDate "2019.08.16"]
[EventType "swiss"]
[EventRounds "8"]
[EventCountry "SWE"]
[SourceTitle "CBM 191 Extra"]
[Source "ChessBase"]
[SourceDate "2019.09.30"]
[SourceVersion "1"]
[SourceVersionDate "2019.09.30"]
[SourceQuality "1"]

1. e4 e5 2. d4 exd4 3. Nf3 Nc6 4. Nxd4 Bc5 5. Be3 Qe7 6. Nc3 Nxd4 7. Bxd4 Bxd4 8. Qxd4 Nf6 9. 0-0-0 d6 10. Bb5+ c6 11. Be2 Be6 12. Qxd6 Rd8 13. Qxd8+ Qxd8 14. Rxd8+ Kxd8 15. f3 Ke7 16. Kd2 Rd8+ 17. Ke3 a5 18. Rd1 Rxd1 19. Bxd1 Kd6 20. f4 Ng4+ 21. Bxg4 Bxg4 22. e5+ Ke6 23. Ne4 b6 24. c4 Bf5 25. Ng5+ Ke7 26. h3 h5 27. Kd4 f6 28. Nf3 Ke6 29. Ke3 c5 30. exf6 gxf6 31. Nd2 Bc2 32. g4 hxg4 33. hxg4 Bd1 34. Nf3 Bc2 35. f5+ Kf7 36. Kf4 Bb1 37. a3 Bd3 38. Nd2 Be2 39. g5 fxg5+ 40. Kxg5 Bd3 41. Nf3 Bc2 42. Ne5+ Ke7 43. f6+ Ke8 44. Kh6 Kf8 45. Nd7+ Kf7 46. Kg5 Bh7 47. Nxb6 Ke6 48. Kh6 Bg8 49. Kg7 Bf7 50. Na4 Bh5 51. Nxc5+ Kd6 52. b4 1-0

[Event "Gothenburg op"]
[Site "Gothenburg"]
[Date "2019.08.17"]
[Round "6"]
[White "Sorensen, Bent"]
[Black "Eriksson, Kristian"]
[Result "1-0"]
[WhiteElo "2042"]
[BlackElo "2113"]
[PlyCount "89"]
[EventDate "2019.08.16"]
[EventType "swiss"]
[EventRounds "8"]
[EventCountry "SWE"]
[SourceTitle "CBM 191 Extra"]
[Source "ChessBase"]
[SourceDate "2019.09.30"]
[SourceVersion "1"]
[SourceVersionDate "2019.09.30"]
[SourceQuality "1"]

1. Nf3 e6 2. g3 f5 3. b3 Nf6 4. Bb2 Be7 5. Bg2 0-0 6. 0-0 d6 7. d4 Qe8 8. Nbd2 Nc6 9. c4 a5 10. a3 Bd7 11. Qc2 Qh5 12. Rfe1 Rae8 13. Bc3 g5 14. Red1 Bd8 15. b4 axb4 16. axb4 g4 17. Ne1 d5 18. Nd3 Ne4 19. Nf4 Qf7 20. b5 Ne7 21. Bb4 c6 22. Nd3 Bc7 23. Ra7 Rb8 24. e3 Rfe8 25. Nb3 Nc8 26. Raa1 dxc4 27. Qxc4 Ned6 28. Qc1 Nxb5 29. Nbc5 Nb6 30. Ba5 Bc8 31. Bf1 Qg7 32. Bxb6 Bxb6 33. Ne5 Nd6 34. Qb2 Qc7 35. Rab1 Bxc5 36. dxc5 Ne4 37. Bg2 Nxc5 38. Nxc6 Ra8 39. Nd4 Na4 40. Qb4 Qc5 41. Rdc1 Qxb4 42. Rxb4 e5 43. Nb5 Bd7 44. Nc7 Rec8 45. Bxb7 1-0

[Event "Gothenburg op"]
[Site "Gothenburg"]
[Date "2019.08.16"]
[Round "3"]
[White "Eriksson, Kristian"]
[Black "Knutsson, Hakan"]
[Result "1-0"]
[WhiteElo "2113"]
[BlackElo "1848"]
[PlyCount "43"]
[EventDate "2019.08.16"]
[EventType "swiss"]
[EventRounds "8"]
[EventCountry "SWE"]
[SourceTitle "CBM 191 Extra"]
[Source "ChessBase"]
[SourceDate "2019.09.30"]
[SourceVersion "1"]
[SourceVersionDate "2019.09.30"]
[SourceQuality "1"]

1. e4 c5 2. Nc3 e6 3. Nf3 Nc6 4. Bb5 Qc7 5. 0-0 a6 6. Bxc6 Qxc6 7. d4 Nf6 8. d5 exd5 9. exd5 Qb6 10. Re1+ Kd8 11. Ng5 Kc7 12. Nxf7 Rg8 13. Bf4+ d6 14. b3 Bd7 15. a4 a5 16. Ng5 h6 17. Nb5+ Bxb5 18. Ne6+ Kb8 19. axb5 g5 20. Bg3 Ka7 21. c4 Nh5 22. Qxh5 1-0

[Event "Gothenburg Kvibergspelen"]
[Site "Gothenburg"]
[Date "2019.05.10"]
[Round "3"]
[White "Eriksson, Kristian"]
[Black "Rydstrom, Tom"]
[Result "0-1"]
[WhiteElo "2125"]
[BlackElo "2365"]
[PlyCount "112"]
[EventDate "2019.05.10"]
[EventType "swiss"]
[EventRounds "8"]
[EventCountry "SWE"]
[SourceTitle "CBM 190 Extra"]
[Source "ChessBase"]
[SourceDate "2019.07.15"]
[SourceVersion "1"]
[SourceVersionDate "2019.07.15"]
[SourceQuality "1"]

1. e4 c5 2. Nf3 e6 3. Nc3 a6 4. d4 cxd4 5. Nxd4 b5 6. Bd3 Qb6 7. Nb3 Qc7 8. 0-0 Bb7 9. a3 Nf6 10. f4 d6 11. Qf3 Nbd7 12. Bd2 Be7 13. Rae1 Rc8 14. Kh1 Nb6 15. Qg3 g6 16. e5 Nh5 17. Qg4 Nc4 18. Bxc4 bxc4 19. Nd4 Ng7 20. Nf3 h5 21. Qh3 h4 22. Ne4 Bxe4 23. Rxe4 d5 24. Ree1 Nf5 25. Bc3 Rh5 26. Nd4 Bc5 27. Nxf5 gxf5 28. Qf3 Rh7 29. Rd1 Qb6 30. Rb1 h3 31. g3 Qc7 32. Bb4 Rh8 33. Rfd1 Rb8 34. Bxc5 Qxc5 35. Qc3 Ke7 36. b4 Qf2 37. Rd2 Qb6 38. a4 Rhd8 39. Rd4 Qc6 40. Qa3 Ke8 41. c3 Rdc8 42. a5 Qc7 43. Qc1 Qd7 44. Qf1 Ke7 45. Qxh3 Rh8 46. Qf1 Rbg8 47. Kg2 Qa4 48. Qd1 Qc6 49. Qd2 Qe8 50. Qb2 Qf8 51. b5 Qh6 52. Rh1 Qh3+ 53. Kf3 Rxg3+ 54. hxg3 Qxh1+ 55. Ke3 Rh2 56. Qf2 Rxf2 0-1

[Event "Gothenburg op"]
[Site "Gothenburg"]
[Date "2018.08.18"]
[Round "6"]
[White "Eriksson, Kristian"]
[Black "Petersson, Baldur Teodor"]
[Result "0-1"]
[WhiteElo "2097"]
[BlackElo "2138"]
[PlyCount "62"]
[EventDate "2018.08.17"]
[EventType "swiss"]
[EventRounds "8"]
[EventCountry "SWE"]
[SourceTitle "CBM 186 Extra"]
[Source "ChessBase"]
[SourceDate "2018.08.24"]
[SourceVersion "1"]
[SourceVersionDate "2018.08.24"]
[SourceQuality "1"]

1. e4 c5 2. Nc3 e6 3. Nf3 a6 4. d4 cxd4 5. Nxd4 b5 6. Bd3 Qb6 7. Nb3 Qc7 8. 0-0 Bb7 9. a3 Nf6 10. Bd2 d5 11. exd5 Nxd5 12. Nxd5 Bxd5 13. Re1 Bd6 14. Qh5 Be7 15. Bc3 Nc6 16. Be4 Bxe4 17. Rxe4 0-0 18. Rae1 Rad8 19. Qg4 g6 20. Qh3 e5 21. g3 Bd6 22. Nd2 f5 23. R4e2 e4 24. Kh1 Be5 25. Bxe5 Nxe5 26. f4 exf3 27. Nxf3 Nxf3 28. Re7 Ng5 29. Qh6 Qc6+ 30. Kg1 Qc5+ 31. Kf1 Nf7 0-1

[Event "Gothenburg op"]
[Site "Gothenburg"]
[Date "2018.08.18"]
[Round "5"]
[White "Wellevit, Tomas"]
[Black "Eriksson, Kristian"]
[Result "0-1"]
[WhiteElo "1905"]
[BlackElo "2097"]
[PlyCount "76"]
[EventDate "2018.08.17"]
[EventType "swiss"]
[EventRounds "8"]
[EventCountry "SWE"]
[SourceTitle "CBM 186 Extra"]
[Source "ChessBase"]
[SourceDate "2018.08.24"]
[SourceVersion "1"]
[SourceVersionDate "2018.08.24"]
[SourceQuality "1"]

1. e4 e5 2. Nf3 Nc6 3. d4 exd4 4. Bc4 Nf6 5. Bg5 Be7 6. Nbd2 0-0 7. e5 Ng4 8. Bf4 d6 9. exd6 Bxd6 10. Bxd6 Qxd6 11. 0-0 Bf5 12. h3 Nge5 13. Nh4 Be6 14. Be2 Qe7 15. Nhf3 Nxf3+ 16. Bxf3 Rad8 17. Re1 Qc5 18. Ne4 Qb6 19. Ng5 Bf5 20. g4 Bg6 21. h4 h6 22. Nh3 d3 23. Be4 dxc2 24. Qxc2 Nd4 25. Qc3 Rfe8 26. Bxg6 Rxe1+ 27. Rxe1 Qxg6 28. Qg3 Qc6 29. Kf1 Nf3 30. Ra1 Rd3 31. Qf4 Nxh4 32. Ng1 Rd6 33. Qg3 Ng6 34. Re1 Rd2 35. Re2 Qc4 36. b3 Rd1+ 37. Kg2 Rxg1+ 38. Kxg1 Qxe2 0-1

[Event "Gothenburg op"]
[Site "Gothenburg"]
[Date "2018.08.17"]
[Round "3"]
[White "Golubka, Petr"]
[Black "Eriksson, Kristian"]
[Result "1-0"]
[WhiteElo "2478"]
[BlackElo "2097"]
[PlyCount "69"]
[EventDate "2018.08.17"]
[EventType "swiss"]
[EventRounds "8"]
[EventCountry "SWE"]
[SourceTitle "CBM 186 Extra"]
[Source "ChessBase"]
[SourceDate "2018.08.24"]
[SourceVersion "1"]
[SourceVersionDate "2018.08.24"]
[SourceQuality "1"]

1. d4 e6 2. e4 d5 3. Bd3 dxe4 4. Bxe4 Nf6 5. Bf3 Be7 6. Nc3 0-0 7. Nge2 c5 8. Be3 Nc6 9. dxc5 Qa5 10. Bxc6 bxc6 11. Nd4 Bd7 12. Nb3 Qc7 13. 0-0 e5 14. Bg5 Rad8 15. Qf3 Rfe8 16. h3 Be6 17. Rfe1 Nd5 18. Bxe7 Rxe7 19. Rad1 Red7 20. Ne4 Nb4 21. Nd6 Nxc2 22. Rxe5 Nb4 23. Nd4 Bd5 24. Qe2 h6 25. a3 Na2 26. Re1 Rxd6 27. cxd6 Qxd6 28. Nf5 Qf6 29. Ne7+ Kh7 30. Nxd5 cxd5 31. Qd3+ g6 32. Rxd5 Rc8 33. Rd7 Rc1 34. Rxc1 Nxc1 35. Qc4 1-0

[Event "Gothenburg op"]
[Site "Gothenburg"]
[Date "2017.08.18"]
[Round "3"]
[White "Eriksson, Kristian"]
[Black "Ziegler, Ari"]
[Result "0-1"]
[WhiteElo "2085"]
[BlackElo "2318"]
[PlyCount "90"]
[EventDate "2017.08.18"]
[EventType "swiss"]
[EventRounds "8"]
[EventCountry "SWE"]
[SourceTitle "CBM 180 Extra"]
[Source "ChessBase"]
[SourceDate "2017.10.06"]
[SourceVersion "1"]
[SourceVersionDate "2017.10.06"]
[SourceQuality "1"]

1. e4 g6 2. d4 Bg7 3. Nc3 c6 4. Nf3 d6 5. h3 Nf6 6. Be2 0-0 7. a4 Nbd7 8. 0-0 e5 9. Re1 Qc7 10. Bg5 Re8 11. Bc4 Nf8 12. Qd2 Be6 13. Bb3 Bxb3 14. cxb3 Ne6 15. Be3 a5 16. Rac1 exd4 17. Nxd4 Nc5 18. f3 Qe7 19. Rcd1 Rad8 20. Bh6 Bxh6 21. Qxh6 Qe5 22. Qh4 Nh5 23. Nce2 Ng7 24. Qg3 Qxg3 25. Nxg3 Nge6 26. Nge2 Kf8 27. Kf2 d5 28. exd5 Nxd4 29. Nxd4 Rxe1 30. Kxe1 Rxd5 31. Ke2 h5 32. h4 Ke7 33. Ke3 Kf6 34. g3 Nxb3 35. Rd3 Nxd4 36. Rxd4 Rxd4 37. Kxd4 b6 38. Ke4 Ke6 39. b3 f6 40. f4 f5+ 41. Kd4 Kd6 42. Kc4 Ke7 43. Kd4 Ke6 44. Kc4 Kd6 45. Kd4 b5 0-1

[Event "Gothenburg op"]
[Site "Gothenburg"]
[Date "2017.08.18"]
[Round "4"]
[White "Rasti, Arvin"]
[Black "Eriksson, Kristian"]
[Result "1/2-1/2"]
[WhiteElo "1731"]
[BlackElo "2085"]
[PlyCount "154"]
[EventDate "2017.08.18"]
[EventType "swiss"]
[EventRounds "8"]
[EventCountry "SWE"]
[SourceTitle "CBM 180 Extra"]
[Source "ChessBase"]
[SourceDate "2017.10.06"]
[SourceVersion "1"]
[SourceVersionDate "2017.10.06"]
[SourceQuality "1"]

1. d4 Nf6 2. c4 e6 3. Nc3 Bb4 4. Qc2 Nc6 5. Nf3 d6 6. Bg5 h6 7. Bd2 0-0 8. Rd1 Qe7 9. a3 Bxc3 10. Bxc3 e5 11. dxe5 Nxe5 12. Nxe5 dxe5 13. e4 Bg4 14. f3 Bd7 15. Be2 a5 16. 0-0 a4 17. Rd2 Rfe8 18. Rfd1 Bc6 19. Bb4 Qe6 20. c5 Nh5 21. Bc4 Qg6 22. Qc3 Nf4 23. Qe3 Qg5 24. Kh1 Qh5 25. Bd5 Qg6 26. Bc3 Kh7 27. Bxe5 Nxd5 28. exd5 f6 29. dxc6 Rxe5 30. cxb7 Rb8 31. Qd4 Rxb7 32. Qxa4 Rxc5 33. Qe4 Qxe4 34. fxe4 Re5 35. Re1 f5 36. Kg1 fxe4 37. Kf2 c5 38. Ke3 Re6 39. Rc1 Rb5 40. Rc4 g5 41. Rxe4 Rb3+ 42. Rd3 Rxe4+ 43. Kxe4 Rxb2 44. Kf3 c4 45. Rd7+ Kg6 46. Rd6+ Kg7 47. Rc6 Rb3+ 48. Kg4 Rxa3 49. Rxc4 Ra2 50. Kf3 Kg6 51. h4 gxh4 52. Rxh4 Ra3+ 53. Kf2 Ra2+ 54. Kg3 Ra3+ 55. Kh2 Kg5 56. Rb4 h5 57. g3 Kf5 58. Kh3 Kg5 59. Rb5+ Kg6 60. Kg2 Rc3 61. Rb4 Kg5 62. Kf2 Ra3 63. Re4 Ra2+ 64. Ke3 Ra3+ 65. Kf2 Ra2+ 66. Kf3 Ra3+ 67. Kg2 Kf5 68. Rb4 Kg5 69. Rc4 Kf5 70. Kh3 Ra1 71. Rc3 Rh1+ 72. Kg2 Ra1 73. Kf3 Ra5 74. Ke3 Kg4 75. Kf2 Ra2+ 76. Kg1 h4 77. gxh4 Kxh4 1/2-1/2

[Event "Helsingor Xtracon op"]
[Site "Helsingor"]
[Date "2017.07.27"]
[Round "7"]
[White "Eriksson, Kristian"]
[Black "Satre, Roger"]
[Result "1-0"]
[WhiteElo "2093"]
[BlackElo "1832"]
[PlyCount "69"]
[EventDate "2017.07.22"]
[EventType "swiss"]
[EventRounds "10"]
[EventCountry "DEN"]
[SourceTitle "CBM 179 Extra"]
[Source "ChessBase"]
[SourceDate "2017.08.23"]
[SourceVersion "1"]
[SourceVersionDate "2017.08.23"]
[SourceQuality "1"]

1. e4 e6 2. d4 d5 3. Nc3 Bb4 4. e5 c5 5. Bd2 Nc6 6. Nb5 Bxd2+ 7. Qxd2 Nxd4 8. Nxd4 cxd4 9. f4 Ne7 10. Nf3 Nc6 11. 0-0-0 Qa5 12. Qxa5 Nxa5 13. Nxd4 a6 14. Bd3 Nc6 15. Nf3 Nb4 16. a3 Nxd3+ 17. Rxd3 Bd7 18. Nd4 0-0 19. Re1 b5 20. Kd2 Rfb8 21. b4 Rc8 22. Nb3 Rc4 23. g3 Rac8 24. Nc5 Rc7 25. Rc3 Bc8 26. Rxc4 bxc4 27. Kc3 Kf8 28. Kd4 Ke7 29. a4 Ra7 30. Rb1 Ra8 31. b5 axb5 32. axb5 Rb8 33. b6 Bd7 34. b7 Bc6 35. Rb6 1-0

[Event "Helsingor Xtracon op"]
[Site "Helsingor"]
[Date "2017.07.23"]
[Round "2"]
[White "Hillarp Persson, Tiger"]
[Black "Eriksson, Kristian"]
[Result "1-0"]
[WhiteElo "2509"]
[BlackElo "2093"]
[PlyCount "53"]
[EventDate "2017.07.22"]
[EventType "swiss"]
[EventRounds "10"]
[EventCountry "DEN"]
[SourceTitle "CBM 179 Extra"]
[Source "ChessBase"]
[SourceDate "2017.08.23"]
[SourceVersion "1"]
[SourceVersionDate "2017.08.23"]
[SourceQuality "1"]

1. d4 Nf6 2. Nf3 e6 3. Bf4 b6 4. e3 Bb7 5. Nbd2 Be7 6. h3 0-0 7. Bd3 d6 8. c3 c5 9. Qe2 Nc6 10. 0-0 Rc8 11. Rad1 cxd4 12. exd4 Re8 13. Rfe1 h6 14. Ne4 Bf8 15. h4 Nxe4 16. Qxe4 f5 17. Qe2 Qf6 18. d5 exd5 19. Qxe8 Rxe8 20. Rxe8 Kf7 21. Rde1 Be7 22. Rh8 Qg6 23. Nd4 Nxd4 24. cxd4 Qg4 25. g3 Bf8 26. Be2 Qh3 27. Rc1 1-0

[Event "Stockholm Scandic Ariadne"]
[Site "Stockholm"]
[Date "2016.11.04"]
[Round "2"]
[White "Karlsson, Lars"]
[Black "Eriksson, Kristian"]
[Result "1-0"]
[WhiteElo "2448"]
[BlackElo "2090"]
[PlyCount "109"]
[EventDate "2016.11.04"]
[EventType "swiss"]
[EventRounds "8"]
[EventCountry "SWE"]
[SourceTitle "CBM 175 Extra"]
[Source "ChessBase"]
[SourceDate "2016.12.12"]
[SourceVersion "1"]
[SourceVersionDate "2016.12.12"]
[SourceQuality "1"]

1. b3 Nf6 2. Bb2 g6 3. Bxf6 exf6 4. c4 Bg7 5. Nc3 f5 6. Rc1 0-0 7. g3 d6 8. Bg2 Nd7 9. e3 Re8 10. Nge2 c6 11. Qc2 Nf6 12. b4 Be6 13. d3 d5 14. cxd5 Nxd5 15. Nxd5 Bxd5 16. Bxd5 Qxd5 17. 0-0 a5 18. Nf4 Qd6 19. bxa5 Rxa5 20. Rb1 Ra7 21. d4 Rea8 22. Rb2 Bh6 23. Nd3 f4 24. gxf4 Qe6 25. Qe2 Rxa2 26. Rxa2 Rxa2 27. Qf3 Bf8 28. Rb1 Ra7 29. Kg2 Qa2 30. Rd1 Bd6 31. Ne5 Bxe5 32. fxe5 Ra5 33. Qe4 Qe6 34. Rb1 Qd7 35. Qf3 Rd5 36. Ra1 Qc7 37. Qf6 Rd8 38. Ra7 Re8 39. h3 c5 40. Qf3 Rb8 41. Qe4 Qb6 42. Ra1 cxd4 43. exd4 Rd8 44. d5 Qb2 45. Rb1 Qd2 46. d6 Qg5+ 47. Kh2 h5 48. Rxb7 Qd2 49. Qf3 Qa2 50. Re7 Qc4 51. e6 Rf8 52. Rxf7 Rxf7 53. Qxf7+ Kh8 54. Qf6+ Kh7 55. e7 1-0

[Event "Hasselbacken op"]
[Site "Stockholm"]
[Date "2016.05.01"]
[Round "2"]
[White "Olund, Joar"]
[Black "Eriksson, Kristian"]
[Result "1/2-1/2"]
[WhiteElo "2339"]
[BlackElo "2068"]
[PlyCount "152"]
[EventDate "2016.04.30"]
[EventType "swiss"]
[EventRounds "9"]
[EventCountry "SWE"]
[SourceTitle "CBM 172 Extra"]
[Source "ChessBase"]
[SourceDate "2016.06.21"]
[SourceVersion "1"]
[SourceVersionDate "2016.06.21"]
[SourceQuality "1"]

1. d4 Nf6 2. Nf3 e6 3. c4 b6 4. g3 Bb7 5. Bg2 Bb4+ 6. Bd2 Bxd2+ 7. Qxd2 0-0 8. 0-0 d6 9. Rd1 Nbd7 10. Nc3 Ne4 11. Nxe4 Bxe4 12. d5 Bxf3 13. exf3 e5 14. b4 a5 15. a3 f5 16. f4 exf4 17. Qxf4 axb4 18. axb4 Qf6 19. Rxa8 Rxa8 20. Qe3 Qe5 21. Qxe5 Nxe5 22. c5 bxc5 23. bxc5 Nd7 24. cxd6 cxd6 25. Rb1 Rb8 26. Ra1 Nc5 27. Bh3 g6 28. g4 fxg4 29. Bxg4 Kg7 30. Ra7+ Rb7 31. Ra8 Kf6 32. Re8 Re7 33. Rd8 Ke5 34. Bf3 Nd3 35. Rb8 Kd4 36. Rd8 Rf7 37. Be2 Nf4 38. Bf3 Nxd5 39. Kg2 Ke5 40. Ra8 Nf6 41. h4 d5 42. Ra6 Ne4 43. Ra2 Rd7 44. h5 gxh5 45. Bxh5 Kf4 46. Ra3 d4 47. Be2 Nc3 48. Bd3 h5 49. Ra5 Rd5 50. Ra8 Rg5+ 51. Kh3 Nd5 52. Bc4 Kf3 53. Kh4 Rg4+ 54. Kxh5 Nf4+ 55. Kh6 Kxf2 56. Re8 Rg6+ 57. Kh7 Rc6 58. Bb5 Rc5 59. Re4 Rh5+ 60. Kg8 Rxb5 61. Rxd4 Ke3 62. Ra4 Rb7 63. Kf8 Ne6+ 64. Kg8 Nd4 65. Kf8 Ke4 66. Ra5 Nf5 67. Ke8 Nd6+ 68. Kf8 Nc4 69. Rc5 Ne5 70. Rc1 Kf5 71. Rf1+ Ke6 72. Re1 Kf6 73. Rf1+ Kg5 74. Ke8 Kg6 75. Kd8 Nc6+ 76. Kc8 Rf7 1/2-1/2

[Event "Lund CellaVision Cup"]
[Site "Lund"]
[Date "2015.08.07"]
[Round "2"]
[White "Jones, Gawain C B"]
[Black "Eriksson, Kristian"]
[Result "1-0"]
[WhiteElo "2647"]
[BlackElo "2164"]
[PlyCount "97"]
[EventDate "2015.08.07"]
[EventType "swiss"]
[EventRounds "8"]
[EventCountry "SWE"]
[SourceTitle "CBM 167 Extra"]
[Source "ChessBase"]
[SourceDate "2015.09.14"]
[SourceVersion "1"]
[SourceVersionDate "2015.09.14"]
[SourceQuality "1"]

1. e4 e5 2. Nf3 Nc6 3. Bc4 Nf6 4. d3 Be7 5. Nc3 d6 6. a4 0-0 7. h3 Be6 8. Bxe6 fxe6 9. a5 a6 10. 0-0 Qe8 11. Be3 h6 12. d4 exd4 13. Nxd4 Nxd4 14. Qxd4 Qc6 15. e5 dxe5 16. Qxe5 Rae8 17. Rfd1 Bd6 18. Qd4 e5 19. Qa4 Qxa4 20. Nxa4 Rf7 21. Rd3 Rd7 22. Bc5 Red8 23. Rb3 Ne4 24. Be3 c6 25. Nb6 Re7 26. Rd1 Bc7 27. Rxd8+ Bxd8 28. Nc4 Nf6 29. Nd6 Bxa5 30. Nxb7 Bc7 31. Rc3 Nd5 32. Rxc6 Bb6 33. Nc5 Nxe3 34. fxe3 Bxc5 35. Rxc5 Re6 36. e4 Kf7 37. Kf2 Kf6 38. b4 Rb6 39. c3 Rd6 40. Ke3 Ke6 41. Ra5 Rc6 42. Kd3 Kd6 43. c4 Ke6 44. c5 Kd7 45. Kc4 Rg6 46. g4 Rc6 47. Kd5 Re6 48. b5 axb5 49. Ra7+ 1-0